000 00287nam a2200133Ia 4500
100 _aPai/Vinayak R.
942 _cBK
654 _aMechanics
245 _aFundamentals in Applied Mechanics
260 _bA.V.G Prakashan
_c2001
082 _a620.1
300 _a304
546 _aENGLISH
999 _c22240
_d22240